|
|
|
|
| LEADER |
00000nam0a2200000 4500 |
| 001 |
234929 |
| 005 |
20231101231348.0 |
| 035 |
|
|
|a (RuTPU)RU\TPU\book\256058
|
| 090 |
|
|
|a 234929
|
| 100 |
|
|
|a 20130402d1925 km y0rusy50 ca
|
| 101 |
0 |
|
|a rus
|
| 102 |
|
|
|a RU
|
| 105 |
|
|
|a a g 001zy
|
| 200 |
1 |
|
|a Справочник по нефтяному делу
|h Ч. II
|f СССР, Высший совет народного хозяйства (ВСНХ), Совет нефтяной промышленности
|
| 210 |
|
|
|a Москва
|c Научно-издательское бюро СНП
|d 1925
|
| 215 |
|
|
|a 411 с.
|c ил.
|
| 320 |
|
|
|a Алф. указ.: с. 396-411.
|
| 606 |
1 |
|
|a Нефтяное дело
|2 stltpush
|3 (RuTPU)RU\TPU\subj\33714
|9 55870
|
| 610 |
1 |
|
|a нефть
|
| 610 |
1 |
|
|a нефтепродукты
|
| 610 |
1 |
|
|a хранение
|
| 610 |
1 |
|
|a обмер
|
| 610 |
1 |
|
|a перекачка
|
| 610 |
1 |
|
|a транспорт
|
| 610 |
1 |
|
|a насосы
|
| 610 |
1 |
|
|a двигатели
|
| 610 |
1 |
|
|a паровые котлы
|
| 610 |
1 |
|
|a газогенераторы
|
| 610 |
1 |
|
|a статистика
|
| 610 |
1 |
|
|a нормативы
|
| 610 |
1 |
|
|a законодательство
|
| 610 |
1 |
|
|a справочники
|
| 675 |
|
|
|a 665.6(03)
|v 3
|
| 712 |
0 |
1 |
|a СССР
|b Высший совет народного хозяйства (ВСНХ)
|b Совет нефтяной промышленности
|2 stltpush
|3 (RuTPU)RU\TPU\col\14569
|
| 801 |
|
1 |
|a RU
|b 63413507
|c 20130402
|
| 801 |
|
2 |
|a RU
|b 63413507
|c 20130408
|g RCR
|
| 942 |
|
|
|c BK
|